000 00630nam a2200181 a 4500
005 20240808063812.0
008 991125s1970 cop 000 0 spa u
035 _aUPN01000030845
049 _aCG
050 4 _aS401
_bC6.4
111 2 _aConferencia Mundial sobre Enseñanza y Capacitación Agrícola 1970.
_d1970
_cCopenhage, Dinamarca.
245 1 0 _aInforme de la conferencia :
_bv.1 /
_cConferencia Mundial sobre Enseñanza y Capacitación Agrícola.
260 _aCopenhage :
_bFAO ;
_bILO,
_c1970.
300 _a210, xxx p.
650 4 _aAGRICULTURA -
_vCONGRESOS
_91893
650 4 _aEducación agrícola
_931
905 _aLibro
999 _c30845
_d30845